000 00672nam a2200277Ia 4500
005 20260324134828.0
008 008 260324s9999 xx 000 0 eng d
020 _a9781003557197
037 _aEBOOK
040 _aCRL
040 _beng
040 _cCRL
041 _2eng
041 _aeng
084 _qCRL
100 _aJean-Michel Spieser
_91198315
245 0 _aUrban and Religious Spaces in Late Antiquity and Early Byzantium
260 _bTaylor and Francis
260 _c2001
365 _a
365 _b230
856 _uhttp://www.taylorfrancis.com/books/9781003557197
942 _cEBOOK
999 _c1798765
_d1798765